| 000 | 00497nam a2200169Ia 4500 | ||
|---|---|---|---|
| 003 | OSt | ||
| 005 | 20200608150253.0 | ||
| 008 | 190216s9999||||xx |||||||||||||| ||und|| | ||
| 020 | _a8170500451 | ||
| 040 | _coclc | ||
| 082 |
_a327.47054 _bIMA/C |
||
| 100 |
_aImam, Zafar _92574 |
||
| 245 | 0 |
_aColonialism In East-West Relations / _cZafar Imam |
|
| 260 |
_bPatriot Publishers, _c1987. _aNew Delhi: |
||
| 300 | _a547p | ||
| 942 |
_cBK _2ddc _h327.47054 _iIMA/C _k327.47054 _mIMA/C |
||
| 999 |
_c19978 _d19978 |
||